| 000 | 00611nam a22002057a 4500 | ||
|---|---|---|---|
| 003 | OSt | ||
| 005 | 20240709112727.0 | ||
| 008 | 240709b |||||||| |||| 00| 0 eng d | ||
| 020 | _a0075515385 | ||
| 040 |
_aDDC _cMUST |
||
| 082 | _a338.5 BLO 1994 | ||
| 100 |
_aAke Blomquist ...( et al) _918539 |
||
| 245 |
_aMicroeconomics/ _cAke Blomquist ...( et al) |
||
| 250 | _aFourth Edition | ||
| 260 |
_aNY: _bMcGraw-Hill Ryerson limited; _c1994. |
||
| 300 |
_axxv,572p.: _bill;(some col), _c25.3cm |
||
| 504 | _aIncludes Bibliographical Glossaries and Indexes | ||
| 650 |
_aEconomics _9975 |
||
| 942 |
_2ddc _cO_SHELF |
||
| 999 |
_c9106 _d9106 |
||